=LDR 00000nam 2200000 4500 =001 INLIS000000000050857 =005 20170802022358 =035 ##$$a 0010-0817000040 =007 ta =008 170802###########################0###### =020 ##$$a 979-168-088-4 =082 ##$$a 920 =084 ##$$a 920 MUL m =100 #$$a Multatuli =245 1#$$a Max Havelaar /$c Multatuli =250 ##$$a cet.2 =260 ##$$a Yogyakarta :$b Narasi,$c 2014 =300 ##$$a 396 hlm ; $c 23 cm =650 ##$$a Biografi =700 #$$a Andi Tentri w =990 ##$$a 89358935 =990 ##$$a 31701588